Sistemas de engorde intensivo /
Guardado en:
| Autor Principal: | |
|---|---|
| Autor Corporativo: | |
| Otros Autores: | |
| Formato: | Libro |
| Idioma: | Spanish |
| Publicado: |
Bordenave :
INTA EEA Bordenave,
2003.
|
| Series: | Serie didáctica,
nº 7 |
| Etiquetas: |
Agregar Etiqueta
Sin Etiquetas, Sea el primero en etiquetar este registro!
|
| LEADER | 00723nam a22001695a 4500 | ||
|---|---|---|---|
| 001 | EEA.libagro007196 | ||
| 005 | 20180604100717.0 | ||
| 008 | 130809s2003####ag#a##########000#0#spa#d | ||
| 082 | 0 | 4 | |a 636.2085 |
| 100 | 1 | |a Fernández Mayer, Aníbal Enrique. | |
| 245 | 1 | 0 | |a Sistemas de engorde intensivo / |c Aníbal Fernández Mayer, Juan Carlos Tomaso. |
| 260 | |a Bordenave : |b INTA EEA Bordenave, |c 2003. | ||
| 300 | |a 170 p. : |b il. ; |c 27 cm. | ||
| 490 | 1 | |a Serie didáctica, |x 0326-2626 ; |v nº 7 | |
| 700 | 1 | |a Tomaso, Juan Carlos. | |
| 710 | 2 | |a Instituto Nacional de Tecnología Agropecuaria (Argentina). |b Centro Regional Buenos Aires Sur. |b Estación Experimental Agropecuaria Bordenave. | |
| 859 | |a AR-BbBCA |b BIB. AGRONOMIA |h 636.2085 |i F363 |p 2004/4567 | ||
